[Event "SCG-ch 1st"]
[Site "Kopaonik"]
[Date "2005.04.13"]
[Round "11"]
[White "Vuckovic, Bojan"]
[Black "Perunovic, Milos"]
[Result "0-1"]
[WhiteElo "2529"]
[BlackElo "2549"]
[Annotator "Ribli,Z"]
[PlyCount "110"]
[EventDate "2005.04.02"]
[EventType "tourn"]
[EventRounds "13"]
[EventCountry "YUG"]
[EventCategory "11"]
[SourceTitle "CBM 107"]
[Source "ChessBase"]
[SourceDate "2005.08.01"]
[SourceVersion "1"]
[SourceVersionDate "2005.08.01"]
[SourceQuality "1"]

1. e4 c5 2. Nf3 Nc6 3. d4 cxd4 4. Nxd4 Qc7 5. Nc3 e6 6. Be3 a6 7. Qd2 Nxd4 {
Eine selten gespielte Variante - die übliche Fortsetzung ist 7...Nf6 8.0-0-0
Bb4 9.f3.} 8. Bxd4 (8. Qxd4 b5 9. O-O-O Rb8 $5 10. Kb1 Ne7 11. Qa7 Qxa7 12.
Bxa7 Ra8 13. Bc5 Nc6 14. Bxf8 Rxf8 15. f4 f6 16. Be2 Ke7 17. Bf3 Bb7 18. Rhe1
Na5 {0-1 Korneev,O-Teran Alvarez,I/Dos Hermanas 2004/(39)}) 8... b5 9. O-O-O (
9. a4 b4 10. Na2 Nf6 11. Bd3 Bb7 12. Bxf6 gxf6 13. O-O Bd6 14. h3 Rg8 15. Nxb4
f5 16. Rfe1 Qc5 17. Nd5 Bxd5 18. exd5 Qxd5 {0-1 Zontakh,A-Abramovic,B/Novi Sad
2000/EXT 2001 (29)}) 9... Ne7 10. Kb1 (10. Qg5 Ng6 11. e5 Bb7 12. Bd3 Bc5 13.
Bxc5 Qxc5 14. Ne4 Bxe4 15. Bxe4 Rc8 {0-1 K,C-Ivanisevic,I/Dos Hermanas 2003/
EXT 2004 (29)}) 10... Nc6 11. Be3 Rb8 (11... Ne5 12. f4 Nc4 13. Bxc4 Qxc4 14.
Bd4 (14. e5 Bb4 15. Qd4 Qxd4 16. Rxd4 Bxc3 17. bxc3 Bb7 18. Rhd1 Bc6 $11 {
0-1 Navarro Cia,M-Oms Pallise,J/Andorra la Vella 2003/ (58)}) 14... f6 15. g4
Be7 16. g5 O-O 17. b3 (17. gxf6 Bxf6 18. Bxf6 Rxf6 19. f5 b4 20. Rhg1 h6 21.
Qd6 {1-0 Lutz,C-De la Riva Aguado,O/Montpellier 2004/ (21)}) 17... Qc6 18. gxf6
Bxf6 19. Rhg1 $16 b4 20. Nd5 $3 exd5 21. e5 Be7 22. e6 Rf6 23. f5 dxe6 24.
Rxg7+ $1 {1-0 Short,N-Pogorelov,R/Catalan Bay 2004/(35)}) 12. f4 d6 $5 (12...
Bb4 13. f5 (13. Be2 O-O 14. a3 Be7 15. e5 b4 16. Ne4 bxa3 17. b3 a5 18. Ka1 a4
{1/2-1/2 Korneev,O-Barlov,D/Corte Ingles 1998/EXT 2002 (74)}) 13... Ne7 14. Bd3
e5 15. f6 gxf6 16. Qf2 f5 17. Nd5 Nxd5 18. exd5 f4 19. Bxf4 exf4 20. Qd4 {
1-0 Lopez del Alamo,A-Teran Alvarez,I/Seville 2004/ (25)}) 13. e5 $6 {Weiß
möchte seinen Entwicklungsvorteil benutzen und öffnet die Stellung.} (13. Bd3
$142) 13... dxe5 (13... d5) 14. fxe5 Bb4 $1 $15 {[%cal Gb4d2] Die Fesselung
des Springers ist unangenehm für Weiß.} (14... Nxe5 15. Bf4 f6 16. Be2 $44) 15.
Bd3 (15. a3 Be7 $15 {[%cal Gb5b4]}) 15... O-O 16. Rhe1 Bb7 {[%csl Rc3][%cal
Gc6e7,Ge7d5,Gb4e1] Schwarz hat eine sehr bequeme Stellung und nach dem
Springermanöver kann er auf c3 nehmen.} 17. a3 {Weiß verjagt den Läufer von b4,
aber der Textzug schwächt den weißen Königsflügel.} Be7 (17... Ba5 18. Bc5 $132
) 18. Qf2 b4 (18... Nxe5 $6 19. Bf4 f6 20. Qh4 $44) 19. Bb6 (19. axb4 Nxb4 $36)
19... Qc8 20. axb4 Nxb4 $36 {[%csl Gb4,Gb7,Ge7][%cal Gb8b1][%mdl 2048] Schwarz
hat ausgezeichnetes Figurenspiel; der weiße König steht unsicher.} 21. Ba7 Ra8
22. Ne4 (22. Be4 Bxe4 23. Rxe4 Qb7 $15 {[%csl Gb7][%cal Gb7b1]}) 22... Nxd3 $1
23. cxd3 (23. Rxd3 $2 Bxe4 24. Rxe4 Qb7 $19 {[%csl Ra7,Re4][%cal Rb7a7,Rb7e4]})
23... Bxe4 24. dxe4 {[%csl Re4,Re5] Nach Vereinfachungen ist eine Stellung
erreicht, in der die weiße Bauernstruktur schlecht ist: seine e5- und
e4-Bauern sind schwach und der weiße König steht ebenfalls unsicher auf b1.} (
24. Rxe4 Rxa7 25. Qxa7 Bc5 $19 {[%csl Ra7]}) 24... Qc7 $17 {[%cal Gc7a7,Gc7e5]}
(24... Qb7 25. Bd4 a5 $17) 25. Bb6 {Weiß opfert seinen e5-Bauern, um
Gegenspiel zu bekommen} (25. Bd4 a5 $40 {[%cal Ga5a4,Ga4a3]}) 25... Qxe5 26.
Bd4 Qb5 27. Qg3 f6 (27... g6 28. Qe5 Qxe5 29. Bxe5 $17) 28. Qh3 Qc4 {[%csl Gc4]
Schwarz hat einen Bauern mehr und seine Dame steht ausgezeichnet auf c4.} (
28... e5 29. Qe6+ Rf7 30. Bc3 Bc5 $17) 29. Qc3 Rfc8 30. Qxc4 Rxc4 31. Bc3 Ra7 {
[%cal Ga7d7] Schwarz verteidigt die 7. Reihe.} 32. Rd4 Rc6 33. Red1 Kf7 34. Kc2
Rb7 35. Rd7 Rcc7 36. Rxc7 Rxc7 {[%mdl 4096]} 37. Kb3 $6 (37. Ra1 Rc6 38. Kd3
$17) 37... h5 38. Ka4 {Weiß verliert die Geduld und möchte aktiv spielen, aber
dieses Vorhaben hilft nur dem Gegner.} Rc4+ {[%cal Rc4a4,Rc4e4]} 39. Ka5 Rxe4
40. Kxa6 e5 {Schwarz hat vier Bauern gegen zwei am Königsflügel, denn der
weiße b-Bauer kann noch nicht in Marsch gesetzt werden.} 41. Kb5 (41. Re1)
41... Ke6 42. b4 g5 43. Re1 Rxe1 (43... Rg4 44. Re2) 44. Bxe1 Kd5 {[%csl Gd5]}
45. Ka6 e4 46. b5 h4 47. b6 e3 $19 {Die schwarzen Bauern am Königsflügel
entscheiden die Partie.} 48. Kb5 (48. b7 Bd6 49. h3 (49. Ka7 Bxh2 50. b8=Q
Bxb8+ 51. Kxb8 f5 $19) 49... Bb8 $19) 48... Bd6 49. h3 e2 50. b7 f5 51. Kb6 Bb8
{[%csl Gb8] Ein übliches Motiv: der b8B steht ausgezeichnet und Weiß besitzt
keine Gegenchancen.} (51... g4 52. Ka7 (52. Bxh4 g3 $19) 52... f4 $19) 52. Kb5
f4 53. Kb4 g4 54. Kc3 (54. hxg4 f3 55. gxf3 h3 $19) 54... f3 55. Kd3 fxg2 0-1

[Event "New York Smartchess.com"]
[Site "New York"]
[Date "2001.06.13"]
[Round "9"]
[White "Stripunsky, Alexander"]
[Black "Charbonneau, Pascal"]
[Result "1-0"]
[WhiteElo "2497"]
[BlackElo "2407"]
[Annotator "Ribli,Z"]
[PlyCount "103"]
[EventDate "2001.06.04"]
[EventType "tourn"]
[EventRounds "9"]
[EventCountry "USA"]
[EventCategory "9"]
[SourceTitle "CBM 084"]
[Source "ChessBase"]
[SourceDate "2001.09.13"]
[SourceVersion "1"]
[SourceVersionDate "2001.09.13"]
[SourceQuality "1"]

1. e4 c5 2. Nf3 Nc6 3. d4 cxd4 4. Nxd4 Qc7 5. Nc3 e6 6. Be3 a6 7. Bd3 Nf6 8.
O-O Ne5 {Dieser Springerzug ist nicht sehr populär in letzter Zeit.} 9. f4 {
Das ist wirklich ein seltener Gast in der Turnierpraxis. Die Alternativen 9.
Be2, 9.Nf3 und der Hauptzug 9.h3 werden weit häufiger gespielt.} Neg4 10. Bd2
$5 (10. Bc1 Bc5 11. Nce2 (11. Be2 h5 12. Bxg4 Nxg4 13. h3 e5 14. Nd5 Qd6 15. c3
exd4 16. cxd4 Ba7 17. hxg4 hxg4 18. Be3 f5 19. Rc1 g3 20. Qf3 Rh1+ {0-1
Zakurdiaeva,I-Uchitel,S/Moscow 1998/EXT 99 (20)}) 11... e5 12. h3 exd4 13. hxg4
Nxg4 14. Ng3 d6 15. Qf3 Qe7 16. Nh5 g6 17. Ng7+ Kf8 18. f5 Qh4 {0-1 Stenner,
P-Heinsohn,W/Germany 1992/EXT 97-B (35)}) (10. Qf3) 10... Bc5 11. Nce2 d6 (
11... e5 12. fxe5 (12. c3 exd4 13. cxd4 Ba7 14. h3 Nh6 15. Bc3 d5 16. Ng3 dxe4
17. Nxe4 Nxe4 18. Bxe4 O-O {0-1 Sanchez Almeyra,J-Capellini,E/Buenos Aires
1999/EXT 2001 (35)}) 12... Qxe5 (12... Nxe5 $5) 13. Bf4 Bxd4+ 14. Kh1 Qc5 15.
Nxd4 Qxd4 16. e5 $1 Nf2+ 17. Rxf2 Qxf2 18. exf6 Qxf4 19. Qe1+ Kd8 20. Qa5+ Qc7
21. fxg7 $18 {Cvitan}) 12. h3 e5 {Das führt zu schweren Komplikationen, aber
die Alternative scheint etwas passiv} (12... Nh6) 13. c3 (13. Kh1 exd4 14. hxg4
Bxg4 15. Qe1 Bb6 16. Ng1 O-O-O 17. Nf3 Rde8 18. c3 dxc3 19. Rc1 Kb8 20. Rxc3
Qd8 $17 {[%cal Ge8e1] 0-1 Toma,K-Sammul,M/Wisla 1998/EXT 2000 (33)}) 13... exd4
(13... Ba7 14. hxg4 Bxg4 15. Be3 exd4 16. Bxd4 O-O 17. Bxa7 Rxa7 {1-0
Movsesian,S-Milos,G/Shenyang 2000/CBM 79/[Ribli] (39)}) 14. cxd4 Ba7 15. hxg4 (
15. Rc1 Qe7 16. Qc2 O-O 17. hxg4 Re8 $15) 15... Bxg4 16. Be3 (16. Bc3 d5 $15)
16... O-O {Weiß hat ein scheinbar starkes Zentrum aufbauen können. In
Wirklichkeit aber kontrollieren die schwarzen Leichtfiguren praktisch alle
wichtigen Punkte.} (16... d5 $13) (16... Nxe4 17. Bxe4 Qe7 $13) 17. Qd2 Bxe2 {
Es ist wichtig, den Springer zu schlagen - sonst könnte Weiß Nc3 oder Ng3
spielen, wonach der Bg4 funktionslos würde.} (17... Rfe8 18. Nc3 $14) (17... d5
18. e5 Ne4 19. Bxe4 dxe4 20. Nc3 $14) 18. Qxe2 Rae8 $11 {[%mdl 2048] Weiß hat
das Läuferpaar, aber das schwarze Figurenspiel ist aktiv. Der schwarze Turm
steht ausgezeichnet auf e8 - zudem hängt der Pe4.} 19. Qf3 Qd7 $6 {Dieser Zug
ist ein wenig langsam. Das sofortige Schlagen auf e4 wäre auch möglich.} (19...
Nxe4 $5 20. Bxe4 Qe7 21. Bxb7 (21. Bxh7+ Kxh7 22. Qh5+ Kg8 23. Rf3 g6 24. Qh6
Qf6 $11) 21... Qxe3+ 22. Qxe3 Rxe3 23. Rfd1 a5 $11) 20. Rad1 Nxe4 {Jetzt ist
dieser Zug nicht mehr so stark, denn Weiß hat mit Rad1 ein zusätzliches Tempo
bekommen.} (20... Ng4 $5) 21. Bxe4 Qe6 {[%cal Re8e3]} (21... Qe7) 22. Bxb7 (22.
Bxh7+ Kxh7 23. Qh5+ Qh6 $17) 22... Qxe3+ 23. Qxe3 Rxe3 24. Bxa6 {Das macht den
Unterschied: Schwarz spielte 19...Qd7?! und dann erst 20...Nxe4. Nun ist der
Pd4 dank 20.Rad1 verteidigt.} Re4 {[%csl Rd4]} 25. Kh2 Rb8 (25... Bxd4 $2 26.
Bd3 (26. Bb7 Re7 27. Rxd4 Rxb7 28. b3 $14) 26... Re3 27. Bxh7+ Kxh7 28. Rxd4
$16) (25... Rxd4) 26. b3 Rxd4 $6 (26... d5 $5 $11 {Dieser Zug ist nützlich -
Schwarz lässt Bc4 nicht zu.}) 27. Bc4 {[%csl Gc4][%cal Gc4g8] Der Läufer steht
sehr gut auf c4 - er verteidigt den Pb3. Weiß kann nun a2-a4 spielen,
gleichzeitig kontrolliert er den Pf7 und unterbindet d6-d5.} Kf8 28. a4 $14 Ke7
(28... Rxd1 29. Rxd1 Bc5 30. a5 $14) 29. Rfe1+ Kf6 30. Rxd4 Bxd4 31. Rd1 {
[%mdl 4096]} Bc5 32. a5 {Der Bauer kann dank der Unterstützung durch den Bc4
das Feld a6 erreichen.} Ke7 {Der König möchte bei der Blockade des weißen
a-Bauern mitwirken.} 33. a6 {[%csl Ga6,Gc4]} Kd7 34. Bd5 {Weiß hat eigentlich
einen Bauern mehr, da der Pd6 blockiert ist.} (34. Bxf7 Rf8 35. b4 (35. Bd5
Rxf4 $14) 35... Bxb4 36. Bd5 Bc5 37. Rb1 Rc8 $14) 34... Ba7 35. Bb7 Re8 {
[%cal Ge8e2]} 36. b4 {Weiß hat freie Hand am Damenflügel. Schwarz bekommt kein
Gegenspiel.} Re3 {[%cal Ge3a3] Endlich aktiviert Schwarz seinen Turm. In der
Folge kann er Rb3 oder Rb3 spielen.} 37. Rd5 (37. Rc1 $5 $16) 37... Kc7 38. Rb5
{Der Turm steht etwas unnatürlich auf b5. Es droht jetzt 39.Bd5, und nach 39...
Bb6 kann Weiß 40.a7 Bxa7 41.Rb7+ spielen, mit Gewinn.} Ra3 {Jetzt wird 39.Bd5
mit 39...Rxa6 beantwortet.} 39. Rf5 f6 40. Rh5 h6 41. Rd5 Ra4 42. Rb5 Bb6 (
42... Ra3) 43. f5 Bd4 {[%cal Gd4e5,Ge5h2]} 44. Kh3 {[%cal Gh3g4,Gg4h5,Gh5g6]}
Ra3+ $6 (44... Bc3 45. Bd5 Rxa6 46. Rb7+ Kd8 47. b5 $14) 45. Kg4 h5+ $2 (45...
Ra4 46. Kh5 Bc3 $14) 46. Kxh5 $16 Rg3 47. Bf3 Bf2 {Droht Matt durch 48...Rg5+.
Weiß kann diese Drohung jedoch leicht parieren.} (47... Rg5+ 48. Kh4 Bf2+ 49.
Kh3 $18) 48. Rb7+ Kc8 49. Bg4 {Nun, da Weiß alle Drohungen abgewehrt hat,
verliert Schwarz den wichtigen Pg7.} Rxg2 50. Rxg7 $18 {Weiß hat einen
Mehrbauern und droht 51.a7 mit sofortigem Gewinn.} Be3 51. Re7 (51. a7 Rh2+ 52.
Kg6 Rh6+ 53. Kf7 Bxa7 54. Ke6 $16) 51... Bd4 52. a7 1-0

[Event "St Petersburg op"]
[Site "St Petersburg"]
[Date "1994.??.??"]
[Round "4"]
[White "Rublevsky, Sergei"]
[Black "Ionov, Sergey"]
[Result "1/2-1/2"]
[WhiteElo "2550"]
[BlackElo "2505"]
[Annotator "Ribli,Z"]
[PlyCount "48"]
[EventDate "1994.02.??"]
[EventType "swiss"]
[EventRounds "9"]
[EventCountry "RUS"]
[SourceTitle "CBM 041"]
[Source "ChessBase"]
[SourceDate "1994.08.01"]
[SourceVersion "1"]
[SourceVersionDate "1994.08.01"]
[SourceQuality "1"]

1. e4 c5 2. Nf3 Nc6 3. d4 cxd4 4. Nxd4 e6 5. Nc3 Qc7 6. Be3 a6 7. Bd3 Nf6 8.
O-O Bd6 9. h3 Bf4 (9... Bh2+ $5 10. Kh1 Bf4 11. Qc1 Bxe3 12. Qxe3 Qb6 13. Nf5
Qxe3 14. Nxe3 b5 $10 {Anand,V-Portisch,L/Brussels SWIFT/EXP29/}) 10. Qd2 (10.
Bxf4 Qxf4 11. Nxc6 dxc6 12. a4 Qc7 $5 13. a5 e5 $10 {Topalov,V-Lautier,J/
Madrid/1993/CBM36/INF58,(221)/}) 10... Bxe3 11. Qxe3 Qb6 12. Nce2 (12. Nf5 Qxe3
13. Nxe3 {remis/Tal,M-Illescas Cordoba,M/Sevilla/1992/CBM29/}) 12... d6 13. Qg3
O-O 14. Nxc6 (14. Qxd6 $2 Rd8 $19) 14... Qxc6 15. Qh4 b5 16. Ng3 Bb7 17. Rae1 (
17. f4 $5 Qc5+ 18. Kh1 h6 $13 (18... Qd4 19. Rad1 $1 {/\ e5})) 17... Qc5 18.
Kh1 Qd4 19. f4 h6 (19... Qxb2 $4 20. e5 dxe5 21. fxe5 $18) 20. b3 Rac8 21. Rd1
Qb4 22. a3 Qc3 (22... Qxa3 $2 23. e5 dxe5 24. fxe5 Nh7 25. Nh5 $36) 23. Rde1
Qd4 24. Rd1 Qc3 1/2-1/2

[Event "Bundesliga 0203"]
[Site "Germany"]
[Date "2003.03.29"]
[Round "14.2"]
[White "Tischbierek, Raj"]
[Black "Jansa, Vlastimil"]
[Result "1-0"]
[WhiteElo "2523"]
[BlackElo "2500"]
[Annotator "Ribli,Z"]
[PlyCount "55"]
[EventDate "2002.10.19"]
[EventType "team-tourn"]
[EventRounds "15"]
[EventCountry "GER"]
[SourceTitle "CBM 095"]
[Source "ChessBase"]
[SourceDate "2003.07.25"]
[SourceVersion "1"]
[SourceVersionDate "2003.07.25"]
[SourceQuality "1"]
[WhiteTeam "Kreuzberg"]
[BlackTeam "Forchheim"]
[WhiteTeamCountry "GER"]
[BlackTeamCountry "GER"]

1. e4 c5 2. Nf3 e6 3. d4 cxd4 4. Nxd4 Nc6 5. Nc3 a6 6. Be3 (6. Nxc6 bxc6 7. Bd3
) 6... Qc7 7. Qd2 {Diese Variante wird oft gespielt in Grossmeisterturnieren.
Weiss moechte im folgenden lang rochieren und mit f3-g4 angreifen.} Nf6 8.
O-O-O Bb4 9. f3 Ne7 {[%cal Gd7d5] Dieser Zug wurde von Ulf Andersson in die
Turnierpraxis eingefuehrt. Die gewoehnliche Fortsetzung ist 9...Ne5.} 10. Nde2
d5 11. a3 Ba5 (11... Bc5 12. exd5 Nfxd5 13. Nxd5 exd5 14. Bxc5 Qxc5 15. Nf4 Bf5
16. g4 Bd7 17. Nxd5 {1-0 Fressinet,L-Tregubov,P/Halkidiki 2002/CBM 92 no vc 
(66)}) 12. Bg5 (12. b4 Bb6 13. Bxb6 Qxb6 14. exd5 (14. e5 Nd7 15. f4 f6 16.
exf6 Nxf6 17. Nd4 O-O 18. Nb3 Nf5 19. Bd3 Nd6 20. Rhe1 Qc7 21. g3 Re8 22. Re2
Bd7 23. Rde1 a5 $5 $13 {0-1 Vokarev,S-Kotsur,P/Dubai 2002/CBM 87 ext (38)})
14... exd5 15. Qd4 Qc7 16. Qf4 Qc6 17. Kb2 Be6 18. Nd4 Qd7 19. h4 Rc8 20. Re1
O-O 21. Bd3 Rc7 22. h5 Rfc8 {1/2-1/2 Magem Badals,J-Reefat,S/Dhaka BAN 2003/
(44)}) 12... dxe4 13. Bxf6 gxf6 14. Qh6 {Weiss hat einen Bauern weniger, aber
er hat gute Angriffschancen - der schwarze Koenig steht angreifbar in der
Mitte.} f5 15. Qf6 Ng6 16. fxe4 f4 (16... Qe5 17. Qxe5 Nxe5 18. exf5 Ng4 19.
Re1 Bb6 (19... Nf2) 20. Nd1 Nf2 21. Nxf2 Bxf2 22. Rd1 exf5 23. g3 {1-0 Shirov,
A-Lutz,C/Dortmund 2002/CBM 90 (69)}) 17. g3 fxg3 $6 {Schwarz nimmt den Bauern.
Die Alternative - 17...Bd7 kommt stark in Betracht, mit schneller Entwicklung.}
(17... Bd7 18. gxf4 Bxc3 19. bxc3 Qd8 20. Qxd8+ Rxd8 21. Rg1 Ke7 22. Rg3 Rc8
23. f5 exf5 24. Bh3 Rc5 25. Re3 Re5 26. Ng3 Nh4 27. Rdd3 Bc6 28. Nxf5+ Nxf5 29.
Bxf5 h5 30. Rd4 Rg8 {1/2-1/2 Korneev,O-Graf,A/Lanzarote ESP 2003/(51)}) 18.
hxg3 $14 {[%csl Gf6][%cal Gh1h8] Weiss hat Entwicklungsvorteil und Initiative
- Schwarz hat zwar das Lauferpaar, aber sein Koenig steht angreifbar.} Bd7 (
18... Qe5 $5 19. Qf3 $44) 19. Rh5 $1 {[%csl Gh5][%cal Gh5a5] Der Turm steht
ausgezeichnet auf h5 und kontrolliert die wichtigen Felder auf der fuenften
Reihe.} Bxc3 20. Nxc3 Qxg3 21. Kb1 Qf4 22. Qd4 Bc6 (22... O-O-O 23. Bxa6 Bc6 (
23... bxa6 24. Qb6 $18) 24. Qc5 {Droht 25Qxc6+.} Rxd1+ 25. Nxd1 Qxe4 26. Nc3
Qf3 (26... Qe1+ 27. Ka2 Kd7 28. Bxb7 Bxb7 29. Qa7 $16) 27. Rd5 $1 Kb8 28. Qd6+
Ka8 (28... Ka7 29. Ra5 $18) 29. Rc5 Rc8 30. Bd3 b6 31. Rxc6 $1 $18) 23. Bc4 {
Alle weisse Figuren stehen sehr aktiv.} Qc7 (23... Rc8 24. Qg7 $16) 24. Qg7 {
[%mdl 128]} Rd8 (24... Qe7 25. Rg1 Qf8 26. Qf6 $36 Qe7 $2 27. Rxg6 $18) 25.
Bxe6 $1 $16 {[%cal Gg7c7][%mdl 64]} Rxd1+ 26. Nxd1 Qe7 (26... Bxe4 27. Nc3 Bc6
28. Rf5 Rf8 29. Qxh7 Nh8 30. Qg7 $18) 27. Bf5 $18 Qe5 $2 $138 {Dieser Zug
verliert sofort, aber guter Rat ist teuer.} (27... Qf8 28. Qf6 Qe7 29. Qc3 $18
{[%cal Gd1e3]}) 28. Bd7+ {[%cal Rd7e8,Rh5e5]} 1-0

[Event "RUS-ch U20"]
[Site "Cheboksary"]
[Date "2006.03.03"]
[Round "2"]
[White "Savchenko, Boris"]
[Black "Vitiugov, Nikita"]
[Result "1-0"]
[WhiteElo "2569"]
[BlackElo "2573"]
[Annotator "Ribli,Z"]
[PlyCount "51"]
[EventDate "2006.03.02"]
[EventType "tourn"]
[EventRounds "11"]
[EventCountry "RUS"]
[EventCategory "11"]
[SourceTitle "CBM 112"]
[Source "ChessBase"]
[SourceDate "2006.06.07"]
[SourceVersion "1"]
[SourceVersionDate "2006.06.07"]
[SourceQuality "1"]

1. e4 c5 2. Nf3 e6 3. d4 cxd4 4. Nxd4 Nc6 5. Nc3 Qc7 6. Be3 Nf6 {Ein paar
Jahre früher war dieser Zug populär. Die schwarze Hauptidee besteht darin den
Zug 6...a6 einzusparen.} 7. Qd2 (7. Ndb5 $5) 7... Bb4 8. f3 Nxd4 9. Qxd4 Bxc3+
10. bxc3 {Ich muss anmerken, dass Savchenko selbst - mit Schwarz - diese
Stellung schon gespielt hat, mit wenig Erfolg. Wahrscheinlich ist das die
Ursache, dass er es diesmal mit Weiß probiert. Schwarz hat die bessere
Bauernstruktur, aber seine dunkelfarbigen Punkte sind sehr schwach und Weiß
hat das Läuferpaar.} O-O (10... d5 $6 11. exd5 exd5 12. Bd3 {[%csl Gd3,Ge3]}
O-O 13. O-O Be6 14. Qh4 $16 {[%csl Gd3,Ge3,Rg8,Gh4][%cal Ge3d4,Gd4g7,Gd3h7]
1-0 Almasi,Z-Savchenko,S/Germany 2004/CBM 101/[Ribli] (20)}) (10... b6 11. Bc1
e5 12. Qd2 O-O 13. Ba3 Re8 14. Bb5 a6 15. Bd6 {1-0 Volokitin,A-Pelletier,Y/
Biel 2005/(28)}) (10... e5 11. Qb4 (11. Qc5 Qxc5 12. Bxc5 d5 13. exd5 Nxd5 14.
c4 b6 15. Bd6 Ne3 16. Bd3 Be6 17. Bxe5 f6 18. Kf2 Nxc4 19. Bf4 Kf7 20. Rhe1 {
1-0 Korneev,O-Rodriguez Guerrero,E/Cappelle la Grande 2006/(42)}) 11... d6 12.
O-O-O (12. Rd1 O-O 13. Rxd6 Be6 14. c4 b6 15. Rd2 Rac8 16. Qa4 Bxc4 17. Bxc4
Qxc4 {1/2-1/2 Naiditsch,A-Pelletier,Y/SF Katernberg - Werder Bremen 2005 (26)})
12... O-O 13. Qxd6 Qxc3 14. Qc5 Qa1+ 15. Kd2 Rd8+ 16. Bd3 Qxa2 17. Qxe5 b6 $6 (
17... Be6) 18. Ra1 Qe6 19. Qxe6 Bxe6 20. Rhb1 $14 {1-0 Movsesian,S-Oral,T/
Czech Rep 2005/(57)}) 11. Qc5 Qb8 (11... Qxc5 12. Bxc5 Rd8 13. O-O-O $14) 12.
Qg5 (12. Bg5 d6 (12... b6 13. Qd4 e5 14. Qd2 Bb7 15. Bc4 Qc7 16. Bb3 Ba6 17.
O-O-O Rac8 18. Kb2 Rfd8 19. Rhe1 Bc4 20. Re3 d5 21. Bxf6 gxf6 22. exd5 Rxd5 $11
{. Pikula,D-Miljkovic,M/Belgrade 2004/(39)}) 13. Qd4 e5 14. Qd2 Be6 15. Bxf6
gxf6 16. Bd3 Kh8 (16... Qc7) 17. f4 $1 Qc7 18. f5 Bc4 $1 {1/2-1/2 Solovjov,
S-Klimov,S/Saint Petersburg 2005/(21)}) 12... d6 13. Bd3 Qc7 14. O-O e5 (14...
Qxc3 15. Rab1 $44 (15. f4 Nxe4)) 15. Qh4 Qxc3 16. Rab1 $44 {Weiß hat
Kompensation für den Bauern, aber ich bin mir nicht ganz sicher, ob diese
Kompensation genügend ist.} b6 17. Kh1 Be6 18. f4 Bxa2 (18... Ng4 $5 19. Bc1
$13 (19. Bg1 $13)) 19. Rbd1 Nd7 (19... Bc4 $1 20. fxe5 (20. Bd2 Qd4 21. fxe5
Bxd3 22. cxd3 Qxe5 23. Rf5 Qd4) 20... Bxd3 21. cxd3 (21. exf6 Bxf1 22. Bd4
Bxg2+ $19 (22... Qxc2 $19)) 21... Qxe5 (21... dxe5 22. Rxf6 gxf6 23. Bh6 $18))
20. Rf3 {[%cal Gf3h3]} exf4 21. e5 $1 {[%mdl 128] Plötzlich hat Weiß großen
Angriff - alle seine Figuren stehen aktiv am Königsflügel.} (21. Bxf4 Ne5 22.
Rh3 h6 23. Bxh6 Ng6 24. Bd2 Nxh4 25. Bxc3 Ng6) 21... g6 (21... f5 22. exf6 Nxf6
(22... g6 23. Bxg6 hxg6 24. Rh3 Nxf6 25. Bd4 Qxh3 26. Qxh3 $16) 23. Bd4 $1 (23.
Bxf4)) 22. Bxf4 Nxe5 (22... dxe5 $2 23. Bxg6 $18) 23. Qf6 {[%csl Rg8][%cal
Gf6c3,Rf4h6]} Rac8 24. Bc4 $1 $18 {[%cal Rf3c3,Rf4h6][%mdl 64]} (24. Bh6 $4
Nxf3 $19) 24... Nxf3 (24... Qxc4 25. Bh6 $18) (24... Rxc4 25. Rxc3 Ng4 (25...
Rxc3 26. Bh6 $18) 26. Qh4 Rxf4 (26... Rxc3 27. Qxg4 $18) 27. Kg1 $18) 25. Qxc3
Ne5 26. Rxd6 (26. Rxd6 Nxc4 (26... Ng4 27. Qg3 Rxc4 28. Qxg4) 27. Bh6 $18) 1-0